000 00540nam a2200217Ia 4500
003 OSt
005 20220924133956.0
006 a|||||r|||| 00| 0
007 ta
008 220923b |||||||| |||| 00| 0 snd d
024 _a271398
037 _cTextual
040 _aARTS
_cARTS
_bsnd
041 _2snd
_asnd
082 _aO111,3NJA6,1, 1593L3
100 _aChainani
_9207759
245 0 _aHarfati hasina
260 _c1973
942 _hO111,3NJA6,1, 1593L3
_cTEXL
_2CC
999 _c435892
_d435892